El estrés laboral (Record no. 4504)

MARC details
000 -CABECERA
campo de control de longitud fija 01749nam a22002057a 4500
008 - DATOS DE LONGITUD FIJA--INFORMACIÓN GENERAL
campo de control de longitud fija 250217b |||||||| |||| 00| 0 eng d
020 ## - NÚMERO INTERNACIONAL ESTÁNDAR DEL LIBRO
Número Internacional Estándar del Libro 9788417633943
040 ## - FUENTE DE LA CATALOGACIÓN
Centro/agencia transcriptor tbs
041 ## - CÓDIGO DE LENGUA
Código de lengua del texto/banda sonora o título independiente spa
050 ## - SIGNATURA TOPOGRÁFICA DE LA BIBLIOTECA DEL CONGRESO
Número de clasificación HF5548.85
Número de documento/Ítem V648 2019
100 ## - ENTRADA PRINCIPAL--NOMBRE DE PERSONA
Nombre de persona Vidal Lacosta, Víctor
9 (RLIN) 24764
Término indicativo de función/relación author
245 ## - MENCIÓN DE TÍTULO
Título El estrés laboral
Resto del título : análisis y prevención
Mención de responsabilidad, etc. / Víctor Vidal Lacosta.
250 ## - MENCIÓN DE EDICIÓN
Mención de edición First edition.
260 ## - PUBLICACIÓN, DISTRIBUCIÓN, ETC.
Lugar de publicación, distribución, etc. Zaragoza, Spain :
Nombre del editor, distribuidor, etc. Prensas de la Universidad de Zaragoza,
Fecha de publicación, distribución, etc. 2019.
300 ## - DESCRIPCIÓN FÍSICA
Extensión 174 pages :
Otras características físicas illustrations, charts (some color) ;
Dimensiones 22 cm.
520 ## - SUMARIO, ETC.
Sumario, etc. El libro aborda un tema actual en el que se describe de una manera minuciosa el estrés, repasando su historia evolutiva, sus aspectos fisiológicos y su repercusión sobre el individuo. Se enumeran las distintas fuentes que originan el estrés laboral y las repercusiones que sobre la salud del trabajador tienen, así como las medidas de la empresa y del trabajador que se deben aplicar para impedirlo (la mejor arma, la prevención).
520 ## - SUMARIO, ETC.
Sumario, etc. This book delves into a highly relevant and timely topic: stress. Through a detailed analysis, it explores the evolutionary history of stress, its physiological aspects, and its impact on individuals.<br/><br/>It identifies the various sources of work-related stress, examining their effects on employees' health and well-being. Additionally, it outlines preventive measures that both companies and workers can implement to mitigate stress, emphasizing that prevention is the most powerful tool.<br/><br/>By providing a thorough exploration of stress and its consequences, this book serves as an essential resource for anyone looking to better understand and manage workplace stress effectively.
650 #0 - PUNTO DE ACCESO ADICIONAL DE MATERIA--TÉRMINO DE MATERIA
Término de materia o nombre geográfico como elemento de entrada Job stress
9 (RLIN) 24545
942 ## - ELEMENTOS DE ENTRADA AGREGADA (KOHA)
Fuente del sistema de clasificación o colocación Clasificación de Library of Congress
Holdings
Estado de retiro Estado de pérdida Fuente del sistema de clasificación o colocación Estado dañado No para préstamo Biblioteca de origen Biblioteca actual Fecha de adquisición Total de préstamos Signatura topográfica completa Código de barras Fecha visto por última vez Número de copia Precio válido a partir de Tipo de ítem Koha
    Clasificación de Library of Congress     TBS Barcelona TBS Barcelona 17/02/2025   HF5548.85 VID B05943 17/02/2025 1 17/02/2025 Book

Powered by Koha